01198cam a2200277 i 4500003000900000005001700009008004100026020002400067040003800091050002200129082001500151245010900166264005800275300002900333336002600362337002600388338003600414504006400450505011000514650005700624650005000681700002500731700002100756856006000777856008300837EG-GICUC20260121101734.0070426s2008 enk frb 001 0 eng d a9781847205605qhbk. aDLCcDLCdDLCdEG-GICUCbengerda00aKZ4850b.N46 200800a341.4822100aNGOs in international law :befficiency in flexibility? /cedited by Pierre-Marie Dupuy, Luisa Vierucci. aCheltenham, UK ;aNorthampton, MA :bE. Elgar,c2008. avii, 281 pages ;c24 cm. atextbtxt2rdacontent aComputerbn2rdamedia aOnline Resourcebnc2rdacarrier aIncludes bibliographical references (p. 260-267) and index.0 aNGOs and intergovernmental organizations -- NGOs, international courts, and compliance review mechanisms. 0aNon-governmental organizationsxLaw and legislation. 0aNonprofit organizationsxLaw and legislation.1 aDupuy, Pierre-Marie.1 aVierucci, Luisa.41uhttps://fll.law.cu.edu.eg/fulltext/bks/ENGB11-00073.pdf413Table of contents onlyuhttp://www.loc.gov/catdir/toc/ecip0716/2007017596.html